000
00287nam a2200121 a 4500
001
4140
005
20140414131850.0
008
090218s19uu xx 00 eng d
050
_a
M 595.1
_b
V46 2003
100
_a
Vaughan, Jenny
245
_a
Why don't worms have legs?.
999
_c
110151
_d
110151